| 000 | 02779cam a2200289 4500500 | ||
|---|---|---|---|
| 005 | 20260111104304.0 | ||
| 041 | _afre | ||
| 042 | _adc | ||
| 100 | 1 | 0 |
_aPelletier, Liliane _eauthor |
| 245 | 0 | 0 | _aProcessus de collaboration et rôle des objets frontières en classe passerelle |
| 260 | _c2023. | ||
| 500 | _a26 | ||
| 520 | _aDans le contexte de l’école inclusive, il est recommandé de travailler en équipe. Or, la forme scolaire reste structurée par des frontières visibles et invisibles (Pelletier et Thomazet, 2019). L’étude porte sur la classe passerelle, dispositif situé au carrefour de plusieurs métiers avec la participation des parents en classe. À partir de photos et d’entretiens d’autoconfrontation simples, nous cherchons à éclairer le processus de collaboration dans ce territoire partagé et à repérer le rôle des objets frontières. Les résultats permettent de caractériser d’une part, l’activité collective en confortant le rôle structurant du leadership de l’enseignant (Bardy et al., 2019) et d’autre part, des objets frontières facilitant la dynamique collaborative entre famille et école : débriefing/briefing, espace-parents en classe, ateliers parentaux et activités pédagogiques coanimées. | ||
| 520 | _aWith inclusive school, teamwork is recommended. However, the school form remains structured by visible and invisible boundaries (Pelletier and Thomazet, 2019). The study focuses on the “classe passerelle”, a device located at the crossroads of several professions with the participation of parents in class. Based on photos and simple self-confrontation interviews, we seek to shed light on the collaborative process in this shared territory and to identify the role of boundaries objects. The results make it possible to characterise, on the one hand, collective activity by confirming the structuring role of the teacher’s leadership (Bardy et al., 2019) and, on the other hand, boundaries objects facilitating the collaborative dynamic between family and school: debriefing/briefing, parents’ space in the classroom, parents’ workshops and co-facilitated educational activities. | ||
| 690 | _aÉcole inclusive | ||
| 690 | _aIntermétiers | ||
| 690 | _aLeadership de l’enseignant | ||
| 690 | _aObjet frontière | ||
| 690 | _aProcessus de collaboration | ||
| 690 | _aBoundary object | ||
| 690 | _aCollaborative process | ||
| 690 | _aInclusive school | ||
| 690 | _aIntermétiers | ||
| 690 | _aTeacher leadership | ||
| 786 | 0 | _nLa nouvelle revue - Éducation et société inclusives | 95 | 1 | 2023-02-02 | p. 73-89 | 2609-5211 | |
| 856 | 4 | 1 | _uhttps://shs.cairn.info/revue-la-nouvelle-revue-education-et-societe-inclusives-2023-1-page-73?lang=fr&redirect-ssocas=7080 |
| 999 |
_c1630844 _d1630844 |
||